000 00903nam a2200289Ia 4500
003 OSt
005 20221005092531.0
006 a|||||r|||| 00| 0
007 ta
008 221004b |||||||| |||| 00| 0 eng d
020 _a9781138484054 (pbk)
_cUKP 44.99
024 _a65808
037 _b1818, 25/02/2020, Bright Book Service
_cTextual
040 _aCRL
_cCRL
_beng
041 _2eng
_aeng
082 _aX:513, R0
100 _aStromback Jesper Ed.
_9617449
245 0 _aPolitical public relations
_b concepts, principles, and applications
250 _a2nd
260 _aNew York
_bRoutledge USA
_c2020
300 _axv,398p.
_ccm.
650 _a ECONOMICS
650 _aADVERTISING
700 _a Kiousis Spiro Ed.
_9617450
942 _hX:513, R0
_cTEXL
_2cc
999 _c998981
_d998981